Thực tiễn áp dụng tập quán trong công tác xét xử án dân sự, hôn nhân và gia đình của Tòa án nhân dân /

Uloženo v:
Podrobná bibliografie
Hlavní autor: Nguyễn Hải An, TS.
Médium: Článek
Jazyk:Vietnamese
Témata:
Tagy: Přidat tag
Žádné tagy, Buďte první, kdo otaguje tento záznam!
Thư viện lưu trữ: Thư viện Trường Đại học Đà Lạt
LEADER 00856nam a2200277 4500
001 DLU140165184
005 ##20141105
040 # # |a DLU  |b vie 
041 # # |a vie 
044 # # |a vn 
100 # # |a Nguyễn Hải An,  |c TS. 
245 # # |a Thực tiễn áp dụng tập quán trong công tác xét xử án dân sự, hôn nhân và gia đình của Tòa án nhân dân /  |c Nguyễn Hải An. 
653 # # |a Hôn nhân và gia đình 
653 # # |a Hợp đồng 
653 # # |a Tập quán 
653 # # |a Xét xử 
773 # # |t Tòa án nhân dân   |g Số5(3), 2014, tr. 16-23 
920 # # |a Phòng Tạp chí -- Trung tâm Thông tin - Thư viện Trường Đại học Đà Lạt 
994 # # |a DLU 
900 # # |a True 
911 # # |a Nguyễn Thị Mai Anh 
925 # # |a G 
926 # # |a A 
927 # # |a BB 
980 # # |a Thư viện Trường Đại học Đà Lạt